Statystyki dla Pierwiastki na literę B.

Kliknij tutaj aby rozwiązać quiz!

Ogólne statystyki

  • Ten quiz został rozwiązany 291 razy
  • Średni wynik to 5 z 7

Statystyki odpowiedzi

Odpowiedź% Poprawnych
6.Bor
87%
7.Brom
84%
1.Bar
81%
3.Beryl
81%
4.Bizmut
58%
5.Bohr
35%
2.Berkel
28%

Rozkład punktacji

Percentyl według liczby udzielonych odpowiedzi

Procent ludzi z każdym wynikiem

Twoja historia wyników

Nie rozwiązałeś tego quizu